A pszeudorezisztens hypertonia igazolásának nehézségei egy eset kapcsán

Elmentve itt :
Bibliográfiai részletek
Szerzők: Fejes Imola
Ábrahám György
Légrády Péter
Dokumentumtípus: Cikk
Megjelent: 2015
Sorozat:HYPERTONIA ÉS NEPHROLOGIA 19 No. 5
mtmt:2989714
Online Access:http://publicatio.bibl.u-szeged.hu/17983
LEADER 00706nab a2200205 i 4500
001 publ17983
005 20200123105226.0
008 200123s2015 hu o 0|| zxx d
022 |a 1418-477X 
024 7 |a 2989714  |2 mtmt 
040 |a SZTE Publicatio Repozitórium  |b hun 
041 |a zxx 
100 1 |a Fejes Imola 
245 1 2 |a A pszeudorezisztens hypertonia igazolásának nehézségei egy eset kapcsán  |h [elektronikus dokumentum] /  |c  Fejes Imola 
260 |c 2015 
300 |a 208-210 
490 0 |a HYPERTONIA ÉS NEPHROLOGIA  |v 19 No. 5 
700 0 1 |a Ábrahám György  |e aut 
700 0 1 |a Légrády Péter  |e aut 
856 4 0 |u http://publicatio.bibl.u-szeged.hu/17983/1/HesNfejes_imola_20151111.pdf  |z Dokumentum-elérés